[Event "7th Balagne Open"]
[Site "Calvi FRA"]
[Date "2010.04.27"]
[Round "4"]
[White "Prasanna,Ra"]
[Black "Abbasov,F"]
[Result "0-1"]
[WhiteElo "2306"]
[BlackElo "2549"]

1.e4 g6 2.d4 Bg7 3.Nc3 d6 4.Nf3 c6 5.Be2 Nd7 6.O-O Qc7 7.Re1 Ngf6 8.h3 O-O
9.a4 e5 10.Be3 Re8 11.d5 cxd5 12.exd5 a6 13.a5 b5 14.Na2 Bb7 15.Nb4 e4 16.Nh2 Ne5
17.Bb6 Qd7 18.Nf1 Rac8 19.Ne3 h5 20.Rc1 Nh7 21.c4 Ng5 22.cxb5 Nxh3+ 23.gxh3 Qxh3
24.Rxc8 Bxc8 25.Ng2 Bh6 26.Qd4 Ng4 27.Bxg4 Bxg4 28.Rxe4 Rxe4 29.Qxe4 Bf3
30.Qxf3 Qxf3 31.bxa6 h4 32.a7 h3 33.a8=Q+ Kh7 34.Ne1 Qg4+ 35.Kh1 Qe4+ 36.Kh2 Bf4+
37.Kxh3 f5 38.f3 Qe2 39.Qb7+ Kh6 40.Bg1 Qf1+  0-1

[Event "7th Balagne Open"]
[Site "Calvi FRA"]
[Date "2010.04.28"]
[Round "6"]
[White "Vianin,P"]
[Black "Abbasov,F"]
[Result "0-1"]
[WhiteElo "2218"]
[BlackElo "2549"]

1.e4 g6 2.d4 Bg7 3.Nc3 d6 4.g3 Nd7 5.Bg2 Ngf6 6.Nge2 O-O 7.O-O Rb8 8.h3 c5
9.Be3 b6 10.Qd2 Re8 11.Rad1 cxd4 12.Nxd4 Bb7 13.Rfe1 a6 14.Nd5 e5 15.Nb3 Nxd5
16.exd5 f5 17.f4 Rc8 18.c3 e4 19.Qf2 b5 20.Rd2 Nf6 21.Red1 Qd7 22.Na5 Ba8
23.Bf1 Qc7 24.Nc6 Bxc6 25.dxc6 d5 26.a4 Qxc6 27.axb5 axb5 28.Qe2 Rb8 29.g4 Red8
30.Bd4 Ne8 31.gxf5 Bxd4+ 32.Rxd4 gxf5 33.Qg2+ Kh8 34.Qg5 Qe6 35.Kh2 Nf6 36.Be2 Rg8
37.Qh4 Rg6 38.Rg1 Rh6 39.Qe1 Ng4+ 40.Bxg4 fxg4 41.Rg3 Rxh3+ 42.Rxh3 gxh3
43.Qg3 Rg8 44.Qxh3 Qf6 45.f5 Qe5+ 46.Kh1 Qf4 47.Rd1 Rg4 48.Rf1 Qg5 49.Ra1 Rh4
50.Ra8+ Kg7 51.f6+ Kh6  0-1

[Event "ch-UKR"]
[Site "Alushta UKR"]
[Date "2010.05.03"]
[Round "1"]
[White "Mazurchak,B"]
[Black "Tukhaev,A"]
[Result "1-0"]
[WhiteElo "2184"]
[BlackElo "2534"]

1.e4 g6 2.d4 Bg7 3.Nc3 d6 4.f4 a6 5.Nf3 b5 6.Bd3 Nd7 7.Ne2 c5 8.c3 Bb7 9.O-O Qb6
10.Kh1 e5 11.dxe5 dxe5 12.c4 b4 13.fxe5 Ne7 14.Nf4 Nxe5 15.Nxe5 Bxe5 16.Nd5 Bxd5
17.exd5 O-O 18.Qf3 Qd6 19.Bf4 Bxf4 20.Qxf4 Qxf4 21.Rxf4 Kg7 22.Bc2 Nc8 23.Ba4 Nd6
24.Re1 Ra7 25.b3 Rc8 26.g4 g5 27.Rf3 Rcc7 28.Rfe3 h6 29.Kg2 Kf8 30.Re8+ Nxe8
31.Rxe8+ Kg7 32.Kf3 f5 33.gxf5 Re7 34.d6 Rxe8 35.Bxe8 Ra8 36.d7 Kf6 37.Ke4 h5
38.Bxh5 Rf8 39.Be8 Ke7 40.Ke5 g4  1-0

[Event "ch-UKR"]
[Site "Alushta UKR"]
[Date "2010.05.04"]
[Round "2"]
[White "Lysak,I"]
[Black "Petrova,I"]
[Result "1-0"]
[WhiteElo "2337"]
[BlackElo "2013"]

1.e4 g6 2.d4 Bg7 3.Nc3 d6 4.Be3 c6 5.f4 Qb6 6.Qd2 Qxb2 7.Rb1 Qa3 8.Nf3 Nf6
9.h3 Nbd7 10.Bd3 Qa5 11.O-O Qc7 12.e5 dxe5 13.fxe5 Nd5 14.Nxd5 cxd5 15.e6 fxe6
16.Ng5 Nf6 17.Bb5+ Kf8 18.Bf4 Qd8 19.Rbe1 Qb6 20.Qd3 e5 21.Bxe5 Bf5 22.Qe2 Ne4
23.Nxe4 Bxe5 24.Ng5 Qxd4+ 25.Kh1 Bf6 26.Rxf5 Qh4 27.Qxe7+  1-0

[Event "FSIMA May"]
[Site "Budapest HUN"]
[Date "2010.05.05"]
[Round "5"]
[White "Turzo,A"]
[Black "Brustkern,J"]
[Result "1/2-1/2"]
[WhiteElo "2296"]
[BlackElo "2256"]

1.e4 g6 2.d4 Bg7 3.Nc3 d6 4.Nf3 a6 5.a4 b6 6.Bd3 e6 7.O-O Nd7 8.Be3 Ne7 9.Qd2 h6
10.Ne2 Bb7 11.c4 Nf6 12.d5 e5 13.a5 Ng4 14.axb6 cxb6 15.b4 f5 16.Qc2 Nxe3
17.fxe3 Qd7 18.Rac1 O-O 19.Nh4 Bf6 20.Nf3 Rac8 21.Nc3 Kg7 22.Na4 Qd8 23.c5 bxc5
24.bxc5 fxe4 25.Bxe4 Bxd5 26.Bxd5 Nxd5 27.Qe4 Ne7 28.Nb6 Rxc5 29.Rxc5 dxc5
30.Qb7 Rf7 31.e4 Nc8 32.Qxc8 Qxb6 33.Kh1 Qb5 34.Rc1 Bg5 35.Re1 c4 36.h4 Bf4
37.h5 g5 38.Qe6 Rf6 39.Qe7+ Rf7 40.Qe6 Rf6 41.Qe7+ Rf7 42.Qe6 Rf6  1/2-1/2

[Event "ch-CZE"]
[Site "Ostrava CZE"]
[Date "2010.05.06"]
[Round "6"]
[White "Talla,V"]
[Black "Cedikova,K"]
[Result "1-0"]
[WhiteElo "2505"]
[BlackElo "2195"]

1.e4 g6 2.d4 d6 3.Nc3 Bg7 4.f4 Nf6 5.Nf3 O-O 6.Bd3 Na6 7.O-O c5 8.d5 Bg4
9.Bc4 Nc7 10.h3 Bxf3 11.Qxf3 Rb8 12.a4 a6 13.a5 b5 14.axb6 Rxb6 15.Qd3 Qc8
16.Ra2 e6 17.Na4 Rb8 18.dxe6 fxe6 19.Qxd6 Nxe4 20.Qc6 Ng3 21.Re1 Nf5 22.c3 Qd8
23.Nxc5 Kh8 24.Nd7 Qh4 25.Bd2 Nd5 26.Bxd5 exd5 27.Nxb8 d4 28.Nd7 dxc3 29.Bxc3 Nd4
30.Qe4 Rf5 31.Qe8+ Rf8 32.Nxf8 Nf3+ 33.Kh1  1-0

[Event "TCh-ISR"]
[Site "Israel ISR"]
[Date "2010.05.07"]
[Round "9"]
[White "Ganor,D"]
[Black "Finkel,A"]
[Result "0-1"]
[WhiteElo "2347"]
[BlackElo "2476"]

1.e4 g6 2.d4 Bg7 3.Nc3 d6 4.Bg5 Nc6 5.d5 Ne5 6.Qd2 c6 7.O-O-O Qa5 8.Kb1 Nf6
9.dxc6 bxc6 10.Bxf6 Bxf6 11.Nd5 Qxd2 12.Nxf6+ exf6 13.Rxd2 Ke7 14.f4 Nd7
15.Be2 Nc5 16.Bf3 g5 17.g3 gxf4 18.gxf4 Rg8 19.h3 Ba6 20.b3 Rg3 21.c4 Rag8
22.Rd1 Ne6 23.Bg4 Nxf4 24.Rf1 h5 25.Rxf4 hxg4 26.hxg4 R3xg4 27.Ne2 Rxf4 28.Nxf4 Rg4
29.Rf1 Bc8 30.Kc2 f5 31.exf5 Bxf5+ 32.Kd2 Be4 33.Ke3 f5 34.Ne2 Kf6 35.Rf2 Ke5
36.Rh2 d5 37.cxd5 cxd5 38.Rh5 Bb1 39.a3 d4+ 40.Kd2 Rg2 41.Ke1 Bc2 42.Rh8 d3
43.Re8+ Kf6 44.Nc3 d2+ 45.Kf1 Rg3  0-1

[Event "ch-CZE"]
[Site "Ostrava CZE"]
[Date "2010.05.07"]
[Round "7"]
[White "Vaculik,M"]
[Black "Cedikova,K"]
[Result "1/2-1/2"]
[WhiteElo "2298"]
[BlackElo "2195"]

1.e4 g6 2.d4 Bg7 3.Nc3 d6 4.Nf3 c6 5.h3 Nf6 6.Bd3 O-O 7.O-O b5 8.Re1 a6 9.Bf4 Nbd7
10.e5 Ne8 11.Qd2 dxe5 12.dxe5 Nc5 13.Bf1 Qxd2 14.Bxd2 Nc7 15.Nd4 Bb7 16.Rad1 Rfd8
17.Bc1 N5e6 18.Nxe6 Nxe6 19.f4 Bh6 20.Ne2 c5 21.c3 Be4 22.g3 Rxd1 23.Rxd1 Rd8
24.Rxd8+ Nxd8 25.Be3 Ne6 26.h4 Bd5 27.Bh3 Bxa2 28.Bxe6 Bxe6 29.Bxc5 Bf8 30.Kf2 f6
31.exf6 exf6 32.Bxf8 Kxf8 33.Ke3 Ke7 34.Nd4 Bd5 35.Nc2 Kd6 36.Kd4 Bb3 37.Nb4 a5
38.Nd3 Bc2 39.Nc5 Kc6 40.Ne6 Bb3 41.Nc5 Bc2 42.Ne6 Bb3 43.Nc5 Bc2 44.Ne6  1/2-1/2

[Event "BEL-VSF"]
[Site "Gent BEL"]
[Date "2010.05.13"]
[Round "1"]
[White "Roos,Dav"]
[Black "Gryson,W"]
[Result "0-1"]
[WhiteElo "1971"]
[BlackElo "2211"]

1.e4 g6 2.d4 Bg7 3.Nc3 d6 4.f4 a6 5.Nf3 Nd7 6.Be3 b5 7.e5 Bb7 8.Bd3 Nh6 9.Be4 c6
10.Ng5 Nf8 11.Qe2 d5 12.Bd3 Qd7 13.h3 f6 14.Nf3 Ne6 15.Nd1 O-O 16.O-O fxe5
17.fxe5 Nf5 18.Kh2 c5 19.c3 Rac8 20.a4 bxa4 21.Bxa6 Bxa6 22.Qxa6 cxd4 23.cxd4 Nfxd4
24.Bxd4 Nxd4 25.Rxa4 Nxf3+ 26.gxf3 Bxe5+ 27.f4 Rc2+ 28.Kg3 Bd6 29.Nc3 Rxb2
30.Qd3 e6 31.Qd4 Rb3 32.Kg2 Rxc3 33.Ra7 Rc2+ 34.Kh1 Rc7  0-1

[Event "BEL-VSF"]
[Site "Gent BEL"]
[Date "2010.05.13"]
[Round "2"]
[White "Penson,T"]
[Black "Vandenbussche,T"]
[Result "1/2-1/2"]
[WhiteElo "2219"]
[BlackElo "2327"]

1.d4 g6 2.e4 Bg7 3.Nc3 d6 4.Be2 a6 5.a4 Nc6 6.d5 Nd4 7.Be3 Nxe2 8.Ngxe2 Nf6
9.O-O O-O 10.h3 e6 11.dxe6 Bxe6 12.Nd4 Bc4 13.Re1 c5 14.Nf3 Qb6 15.Rb1 Qc6
16.b3 Be6 17.Bg5 h6 18.Bh4 Rfe8 19.Qd2 g5 20.Bg3 Rad8 21.Rbd1 d5 22.Ne5 Qc8
23.exd5 Nxd5 24.Nxd5 Rxd5 25.Qc1 c4 26.Nxc4 Rxd1 27.Qxd1 Bxc4 28.Rxe8+ Qxe8
29.bxc4 Qxa4 30.Qd8+ Kh7 31.Qd3+ Kg8 32.Qd8+ Kh7 33.Qd3+  1/2-1/2

[Event "TCh-UKR Clubs"]
[Site "Alushta UKR"]
[Date "2010.05.14"]
[Round "2"]
[White "Polivanov,A"]
[Black "Plaksin,V"]
[Result "1-0"]
[WhiteElo "2381"]
[BlackElo "2201"]

1.e4 g6 2.d4 Bg7 3.Nc3 d6 4.Bg5 a6 5.Bc4 b5 6.Bb3 Bb7 7.Nf3 b4 8.Nd5 Nf6
9.Bxf6 exf6 10.Ba4+ Bc6 11.c3 O-O 12.Bxc6 Nxc6 13.Qa4 Qe8 14.Qxc6 Qxe4+ 15.Kf1 Rfe8
16.g3 bxc3 17.bxc3 Rab8 18.Re1 Qd3+ 19.Kg2 Rxe1 20.Rxe1 g5 21.Re8+ Rxe8 22.Qxe8+ Bf8
23.Nxf6+  1-0

[Event "BEL-VSF"]
[Site "Gent BEL"]
[Date "2010.05.14"]
[Round "3"]
[White "Vandenbussche,T"]
[Black "Gryson,W"]
[Result "1/2-1/2"]
[WhiteElo "2327"]
[BlackElo "2211"]

1.e4 g6 2.d4 Bg7 3.Nc3 d6 4.Be3 a6 5.Qd2 Nd7 6.a4 b6 7.Nf3 Bb7 8.Bd3 h6 9.d5 Ngf6
10.O-O Ng4 11.Bf4 g5 12.h3 gxf4 13.hxg4 Be5 14.Ne2 Bxb2 15.Rab1 Bf6 16.Nxf4 c5
17.Nh5 Qc7 18.c4 a5 19.Nxf6+ exf6 20.Qf4 O-O-O 21.Rb3 Kb8 22.Rfb1 Ka7 23.Be2 Ba6
24.Nh4 Rb8 25.g3 Ne5 26.Qxf6 Bxc4 27.Bxc4 Nxc4 28.Qc3 Ne5 29.Nf5 Rhe8 30.Rb5 Rb7
31.Nxh6 f6 32.f4 Qh7 33.g5 fxg5 34.fxe5 Qxh6 35.Qxa5+ bxa5 36.Rxb7+ Ka8 37.R7b6 Re7
38.Rb8+ Ka7 39.R8b5 Ka6  1/2-1/2

[Event "BEL-VSF"]
[Site "Gent BEL"]
[Date "2010.05.14"]
[Round "4"]
[White "Schuermans,R"]
[Black "Vandenbussche,T"]
[Result "0-1"]
[WhiteElo "2107"]
[BlackElo "2327"]

1.e4 g6 2.d4 Bg7 3.Nc3 d6 4.Be3 a6 5.Nf3 Nd7 6.Bd3 b5 7.e5 e6 8.exd6 cxd6
9.Ne4 Qc7 10.Bf4 e5 11.Qe2 Ne7 12.Nxd6+ Qxd6 13.dxe5 Qb4+ 14.Bd2 Qc5 15.Qe4 Qd5
16.Qh4 Nc5 17.O-O Nxd3 18.cxd3 Nf5 19.Qb4 a5 20.Qa3 b4 21.Bxb4 axb4 22.Qxb4 Bb7
23.Rac1 Bf8 24.Qb6 Be7 25.Rc7 Rb8 26.Rxe7+ Nxe7 27.Qf6 Rg8 28.Rc1 g5 29.Qb6 Rg6
30.Qa7 Rc8  0-1

[Event "DPMM"]
[Site "Halle GER"]
[Date "2010.05.14"]
[Round "1"]
[White "Schlosser,P"]
[Black "Thiede,L"]
[Result "1/2-1/2"]
[WhiteElo "2579"]
[BlackElo "2449"]

1.e4 g6 2.d4 Bg7 3.Nc3 d6 4.f4 a6 5.Nf3 b5 6.Bd3 Nd7 7.e5 c5 8.Be4 Rb8 9.Be3 b4
10.Ne2 Nh6 11.h3 O-O 12.O-O Qc7 13.c3 bxc3 14.bxc3 Nb6 15.Bf2 Bb7 16.Bxb7 Rxb7
17.dxc5 dxc5 18.Qd3 c4 19.Qe4 Na4 20.Rab1 Rfb8 21.Rxb7 Rxb7 22.Rb1 Rxb1+
23.Qxb1 Nc5 24.Nd2 Nd3 25.Qb6 Qc8 26.Qd4 Nb2 27.Qe4 e6 28.Nd4 Nf5 29.Nc6 Qd7
30.Nxc4 Qd1+ 31.Kh2 Nxc4 32.Qxc4 Qd2 33.Kg1 Qc1+ 34.Kh2 Qd2 35.Kg1 Qc1+ 36.Kh2  1/2-1/2

[Event "BEL-VSF"]
[Site "Gent BEL"]
[Date "2010.05.15"]
[Round "6"]
[White "Rooze,J"]
[Black "Vandenbussche,T"]
[Result "0-1"]
[WhiteElo "2338"]
[BlackElo "2327"]

1.e4 g6 2.d4 Bg7 3.Nc3 d6 4.Be3 a6 5.Qd2 b5 6.a4 b4 7.Nd1 Nf6 8.f3 Nc6 9.d5 Ne5
10.Qxb4 O-O 11.Bd3 e6 12.dxe6 Bxe6 13.Nf2 Rb8 14.Qa3 Nc4 15.Bxc4 Bxc4 16.b3 Nh5
17.bxc4 Bb2 18.Qa2 Bc3+ 19.Kd1 Qf6 20.Rb1 Nf4 21.Ng4 Qg7 22.Bxf4 Qd4+ 23.Kc1 Rxb1+
24.Qxb1 Qxc4 25.Ne3 Qc5 26.Qb3 Bb4 27.Nc4 Qf2 28.Qxb4 Qxg2 29.Qd2 Qf1+ 30.Qd1 Qxc4
31.Qd3 Qxa4 32.Qb3 Qa1+ 33.Qb1 Qc3 34.Bd2 Qc4 35.Nh3 Qe2 36.Re1 Qxf3 37.Qb3 Qf6
38.Qc3 Qh4 39.Nf4  0-1

[Event "TCh-UKR Clubs"]
[Site "Alushta UKR"]
[Date "2010.05.16"]
[Round "6"]
[White "Smolin,Dmy"]
[Black "Plaksin,V"]
[Result "0-1"]
[WhiteElo "2160"]
[BlackElo "2201"]

1.e4 g6 2.d4 Bg7 3.Nc3 d6 4.Be3 a6 5.Qd2 b5 6.O-O-O Bb7 7.f3 Nd7 8.Kb1 c6
9.g4 Qc7 10.h4 h5 11.g5 e6 12.f4 Ne7 13.Bd3 b4 14.Na4 c5 15.c3 Qa5 16.Bc2 Bc6
17.cxb4 cxb4 18.b3 Bxa4 19.bxa4 Nb6 20.Ne2 O-O 21.Bb3 Nxa4 22.Rc1 Rfc8 23.Qd3 d5
24.e5 Nf5 25.Bf2 Bf8 26.Rc2 Rxc2 27.Qxc2 Nb6 28.Qd3 Qa3 29.Be1 Na4 30.Qd2 Rc8
31.Rh3 Nb6 32.Qd3 Qa5 33.Ng3 Ng7 34.Rh2 Nc4 35.a4 Qb6 36.Ka2 Na5 37.Rb2 Nxb3
38.Kxb3 Rc4 39.Rc2 Qxd4 40.Qxd4 Rxd4 41.Ne2 Re4 42.Bf2 Nf5 43.a5 Kg7 44.Bb6 Be7
45.Nc1 Rxf4 46.Rc7 Rc4 47.Rxc4 dxc4+ 48.Kxc4 Nxh4 49.Bc5 Nf5 50.Nd3 b3 51.Kxb3 Bxg5
52.Nb4 Bd2 53.Bb6 Bxb4 54.Kxb4 h4 55.Bg1 h3  0-1

[Event "4th All China Games Rapid"]
[Site "Hefei CHN"]
[Date "2010.05.17"]
[Round "1"]
[White "Zhang Jilin"]
[Black "Tan Zhongyi"]
[Result "0-1"]
[WhiteElo "2280"]
[BlackElo "2464"]

1.e4 d6 2.d4 g6 3.Nc3 Bg7 4.Be3 a6 5.Qd2 Nd7 6.O-O-O b5 7.a3 Bb7 8.h4 Ngf6
9.f3 h5 10.Nh3 c6 11.Ng5 Qc7 12.Be2 a5 13.f4 Nb6 14.Rhf1 Bc8 15.Bd3 Bg4 16.Rde1 O-O
17.f5 b4 18.Nb1 gxf5 19.e5 Ne4 20.Nxe4 fxe4 21.Bxe4 dxe5 22.dxe5 Nc4 23.Qd3 Nxe5
24.Bh7+ Kh8 25.Qe4 Qd7 26.Bd4 f5 27.Qe3 Nd3+ 28.Qxd3 Qxd4 29.Qxd4 Bxd4 30.Rxe7 Bg7
31.Bg6 Rf6 32.Bf7 Bh6+ 33.Nd2 Rd8 34.Rf2 Rfd6  0-1

[Event "TCh-UKR Clubs"]
[Site "Alushta UKR"]
[Date "2010.05.18"]
[Round "9"]
[White "Lastin,A"]
[Black "Strelnikov,S"]
[Result "1/2-1/2"]
[WhiteElo "2643"]
[BlackElo "2409"]

1.e4 g6 2.d4 Bg7 3.Nc3 d6 4.Bg5 a6 5.Nf3 h6 6.Bf4 e6 7.Bd3 Nd7 8.Qd2 Ne7
9.O-O b6 10.Rfe1 Bb7 11.Rad1 Kf8 12.h3 Kg8 13.Ne2 Kh7 14.c3 Qb8 15.Ng3 Qa7
16.Qe2 Rad8 17.h4 e5 18.Be3 Rhf8 19.h5 Ng8 20.Nh4 Bc8 21.Bc4 g5 22.Nhf5 Rde8
23.dxe5 Bxe5 24.Bd5 Bxg3 25.Nxg3 Ne7 26.Bb3 Ne5 27.Rf1 a5 28.f4 Bg4 29.Qe1 gxf4
30.Bxf4 Bxd1 31.Qxd1 a4 32.Bc2  1/2-1/2

[Event "ch-HUN w"]
[Site "Nagykanizsa HUN"]
[Date "2010.05.18"]
[Round "5"]
[White "Schneider,Ve"]
[Black "Hidegh,E"]
[Result "0-1"]
[WhiteElo "2339"]
[BlackElo "2146"]

1.e4 g6 2.d4 Bg7 3.Nc3 d6 4.Be3 c6 5.Qd2 b5 6.Bd3 Qc7 7.h3 Bb7 8.Nf3 Nd7
9.O-O Ngf6 10.Ne2 O-O 11.Ng3 c5 12.c3 c4 13.Bc2 Rfd8 14.Nh4 d5 15.e5 Ne4
16.Bxe4 dxe4 17.Qe2 f6 18.Qg4 Nf8 19.exf6 exf6 20.Nxe4 f5 21.Qg3 Qxg3 22.Nxg3 Ne6
23.f4 Re8 24.Rae1 Nc7 25.Nf3 Bxf3 26.Rxf3 Nd5 27.Kf2 b4 28.Bd2 h5 29.Nf1 Nf6
30.Rfe3 Ne4+ 31.Kf3 Rab8 32.Bc1 bxc3 33.bxc3 Rb1 34.Ng3 Ra1 35.Nxe4 fxe4+
36.Rxe4 Rxe4 37.Kxe4 Rxa2 38.Kd5 Rxg2 39.Kxc4 Rh2 40.Re3 Bf8 41.Kb3 Rh1 42.Bd2 Rf1
43.Re6 Rf2 44.Be1 Rf1 45.Bg3 Kf7 46.Ra6 Rf3 47.Bh4 Rxh3 48.Bg5 Rh1 49.Rxa7+ Ke6
50.Ra6+ Kf7 51.d5 h4 52.d6 h3 53.d7 Be7 54.Rxg6 Kxg6 55.Bxe7 Rd1 56.Bc5 Rxd7  0-1

[Event "4th All China Games Rapid"]
[Site "Hefei CHN"]
[Date "2010.05.19"]
[Round "7"]
[White "Ma Qun"]
[Black "Zhao Jun"]
[Result "1/2-1/2"]
[WhiteElo "2366"]
[BlackElo "2574"]

1.e4 g6 2.d4 Bg7 3.Nc3 d6 4.Bg5 h6 5.Bh4 c6 6.Qd2 b5 7.f4 b4 8.Nd1 Nf6 9.Bd3 Qb6
10.c3 Ba6 11.Ne2 bxc3 12.bxc3 Bxd3 13.Qxd3 Qa6 14.Qf3 Nbd7 15.e5 Nd5 16.O-O O-O
17.Nf2 Rab8 18.Qd3 Qxd3 19.Nxd3 N7b6 20.Nb4 Nxb4 21.cxb4 Nd5 22.a3 a5 23.bxa5 Rb2
24.Nc1 Ra8 25.Nd3 Rb5 26.Nb4 g5 27.fxg5 hxg5 28.Bxg5 dxe5 29.dxe5 Bxe5 30.Rad1 Nxb4
31.axb4 Bd6 32.Bd2 Bxb4 33.Bxb4 Rxb4 34.Ra1  1/2-1/2

[Event "4th All China Games Rapid"]
[Site "Hefei CHN"]
[Date "2010.05.19"]
[Round "7"]
[White "Xu Yuhua"]
[Black "Li Chao2"]
[Result "0-1"]
[WhiteElo "2484"]
[BlackElo "2619"]

1.e4 d6 2.d4 g6 3.Nc3 Bg7 4.Be3 a6 5.f4 b5 6.Bd3 Bb7 7.Nf3 b4 8.Ne2 Nf6 9.Ng3 O-O
10.Qd2 a5 11.f5 Ng4 12.Bg5 c5 13.h3 Nf6 14.e5 dxe5 15.dxe5 Qc7 16.O-O-O Ne8
17.Be4 Nc6 18.Bf4 Qb6 19.Qe3 a4 20.Rd7 Bc8 21.Bxc6 Qxc6 22.Rxe7 a3 23.b3 Bxf5
24.Nxf5 gxf5 25.Rd1 c4 26.Nd4 Qc8 27.g4 cxb3 28.Qxb3 fxg4 29.Rg1 Qc5 30.Rd7 Bxe5
31.Rxg4+ Ng7 32.Bh6 Rae8 33.Rd5 Qe7 34.Rxe5 Qxe5 35.Rxg7+ Kh8 36.Rg1 Rg8
37.Rxg8+ Rxg8 38.Nf3 Rg1+ 39.Kd2 Rg2+ 40.Kd3 Qd6+ 41.Ke4 Qxh6 42.Qxb4 Re2+
43.Kd5 Qe6+  0-1

[Event "4th All China Games Rapid"]
[Site "Hefei CHN"]
[Date "2010.05.19"]
[Round "8"]
[White "Li Haoyu"]
[Black "Zhou Weiqi"]
[Result "1/2-1/2"]
[WhiteElo "2383"]
[BlackElo "2585"]

1.e4 d6 2.d4 g6 3.Nc3 Bg7 4.Be3 a6 5.a4 Nc6 6.Bc4 e5 7.Nge2 Nf6 8.f3 O-O
9.O-O Nd7 10.Qd2 exd4 11.Nxd4 Nde5 12.Be2 Na5 13.Bf2 Nec4 14.Bxc4 Nxc4 15.Qc1 Bd7
16.b3 Ne5 17.Qd2 Rb8 18.a5 Re8 19.Ra2 Kh8 20.Be3 f5 21.exf5 Bxf5 22.Bg5 Qd7
23.Nd5 Rf8 24.Bh6 Rbe8 25.Bxg7+ Qxg7 26.Nxf5 Rxf5 27.c4 g5 28.Raa1 Ref8 29.Rae1 h6
30.Re4 R5f7 31.Ree1 Kh7 32.Re4 Qg6 33.Qe2 c5 34.Re1 h5 35.Kh1 Qf5 36.Qe3 Nc6
37.h4 Rg8 38.hxg5 Qxg5 39.Qxg5 Rxg5 40.Rh4 Kh6 41.Re6+ Rg6 42.Nf4 Rxe6 43.Rxh5+ Kg7
44.Nxe6+ Kf6 45.Rh6+ Ke7 46.Ng5 Rg7 47.Ne4 Nxa5 48.Rxd6 Rg8 49.Rb6 Kd8 50.Nxc5 Kc7
51.Rh6 Re8 52.f4 Re3 53.Kh2 Nxb3 54.Nxb3 Rxb3 55.Re6 a5 56.f5 Kd7 57.Re5 a4
58.f6 Rb6 59.f7 Rf6 60.Ra5 Rxf7  1/2-1/2

[Event "4th All China Games Rapid"]
[Site "Hefei CHN"]
[Date "2010.05.19"]
[Round "9"]
[White "Ma Qun"]
[Black "Li Chao2"]
[Result "0-1"]
[WhiteElo "2366"]
[BlackElo "2619"]

1.e4 g6 2.d4 Bg7 3.Nc3 d6 4.Be3 a6 5.Qd2 b5 6.f3 Nd7 7.h4 Ngf6 8.g4 Bb7 9.Nge2 Nb6
10.b3 h5 11.g5 Nfd7 12.Bh3 c5 13.Rd1 O-O 14.dxc5 Nxc5 15.Bd4 Bxd4 16.Nxd4 Qc7
17.Qe3 b4 18.Nb1 e5 19.Ne2 d5 20.Ng3 Ne6 21.Bxe6 fxe6 22.O-O Nd7 23.c4 d4
24.Qe2 Nc5 25.Kg2 a5 26.Nd2 a4 27.Ra1 Qf7 28.a3 bxa3 29.b4 Nb3 30.Rxa3 Qf4
31.Nxb3 axb3 32.Rxb3 Qxh4 33.b5 Qxg5 34.Rh1 h4 35.Rh3 Rac8 36.Qd3 Kg7 37.Rb1 Rh8
38.Ra1 hxg3 39.Rxg3 Qh6 40.Kf2 Ra8 41.Rxa8 Rxa8 42.Qe2 Rc8 43.Qa2 Qe3+ 44.Kg2 d3
45.Qa3 Kf6 46.Qd6 Qe2+ 47.Kg1 Rg8 48.Rg4 g5  0-1

[Event "4th All China Games Rapid"]
[Site "Hefei CHN"]
[Date "2010.05.19"]
[Round "9"]
[White "Wang Yu A"]
[Black "Hong Jiarong"]
[Result "1-0"]
[WhiteElo "2337"]
[BlackElo "2372"]

1.e4 d6 2.d4 g6 3.Nc3 Bg7 4.f4 e5 5.dxe5 dxe5 6.Qxd8+ Kxd8 7.fxe5 Bxe5 8.Bg5+ f6
9.O-O-O+ Ke8 10.Bd2 c6 11.Nf3 Bc7 12.Be2 Nd7 13.g3 Kf7 14.Rhf1 Kg7 15.Bf4 Ne5
16.Nxe5 fxe5 17.Be3 Be6 18.Bc4 Bxc4 19.Rd7+ Ne7 20.Rxe7+ Kg8 21.Rd1 Bb6 22.Bxb6 axb6
23.b3 Ba6 24.Na4 h5 25.Nxb6 Rf8 26.Nd7 Rf7 27.Re8+ Kg7 28.Rxh8 Kxh8 29.Nxe5 Rf6
30.c4 Kg8 31.Nd7 Rf2 32.Rd2 Rf1+ 33.Rd1 Rf2 34.Rd2 Rf1+ 35.Kc2 b5 36.Nc5 Bc8
37.Rd8+ Rf8 38.Rxf8+ Kxf8 39.cxb5 cxb5 40.Kc3  1-0

[Event "TCh-UKR Clubs"]
[Site "Alushta UKR"]
[Date "2010.05.20"]
[Round "11"]
[White "Aveskulov,V"]
[Black "Plaksin,V"]
[Result "1-0"]
[WhiteElo "2534"]
[BlackElo "2201"]

1.e4 g6 2.d4 Bg7 3.Nc3 d6 4.f4 c6 5.Nf3 Bg4 6.Be3 Nd7 7.h3 Bxf3 8.Qxf3 Qa5
9.O-O-O b5 10.e5 d5 11.Kb1 e6 12.g4 b4 13.Ne2 h5 14.f5 hxg4 15.hxg4 Bxe5
16.fxe6 fxe6 17.dxe5 Nxe5 18.Rxh8 Nxf3 19.Rxg8+ Kf7 20.Rxa8 c5 21.Bg2 Ne5
22.Bg5 Nxg4 23.Rh1  1-0

[Event "64th Open ch-Ontario"]
[Site "Toronto CAN"]
[Date "2010.05.22"]
[Round "1"]
[White "Kagramanov,Da"]
[Black "Campbell,Bre"]
[Result "0-1"]
[WhiteElo "1868"]
[BlackElo "2177"]

1.e4 g6 2.d4 Bg7 3.Nc3 d6 4.Be3 Nf6 5.h3 Nbd7 6.Bc4 e5 7.Nge2 O-O 8.f4 exd4
9.Bxd4 Qe7 10.Bd3 c5 11.Bf2 c4 12.Bxc4 Nxe4 13.Nd5 Qd8 14.c3 Nxf2 15.Kxf2 Nb6
16.Bb3 Nxd5 17.Qxd5 Qb6+ 18.Kf1 a5 19.Qd2 a4 20.Bd5 Be6 21.Bf3 Bc4 22.g4 Rfe8
23.Kg2 Re3 24.Rhe1 Rae8 25.Qc2 Rxf3 26.Ng3 Ree3 27.Nf1 Bxf1+ 28.Rxf1 Rg3+  0-1

[Event "CICC"]
[Site "Calgary CAN"]
[Date "2010.05.23"]
[Round "7"]
[White "MacKinnon,K"]
[Black "Piasetski,L"]
[Result "0-1"]
[WhiteElo "2140"]
[BlackElo "2301"]

1.e4 g6 2.d4 Bg7 3.Nc3 d6 4.f4 a6 5.Nf3 Nd7 6.Bd3 c5 7.Be3 cxd4 8.Nxd4 Ngf6
9.O-O O-O 10.Qd2 Ng4 11.Rad1 Nxe3 12.Qxe3 Qb6 13.e5 dxe5 14.fxe5 Nxe5 15.Nd5 Ng4
16.Nxb6 Nxe3 17.Nxa8 Bxd4 18.Rf4 Ba7 19.Rdf1 Bd7 20.Nc7 Rc8  0-1

[Event "34th Open"]
[Site "Fourmies FRA"]
[Date "2010.05.23"]
[Round "3"]
[White "Kienitz,A"]
[Black "Brixhe,A"]
[Result "1-0"]
[WhiteElo "2166"]
[BlackElo "1909"]

1.e4 d6 2.d4 g6 3.Nc3 Bg7 4.f4 e6 5.Nf3 a6 6.Bd3 Ne7 7.Be3 Nd7 8.Qd2 b6 9.h4 Nf6
10.e5 Ng4 11.Be4 d5 12.Bd3 Nxe3 13.Qxe3 h5 14.O-O-O Bd7 15.Kb1 Qc8 16.Ne2 c5
17.c3 c4 18.Bc2 Nf5 19.Qf2 Bc6 20.Rdg1 Qd7 21.g4 hxg4 22.Rxg4 O-O-O 23.Bxf5 exf5
24.Rg2 Rdg8 25.h5 Bf8 26.Qg1 Qe8 27.hxg6 Rxh1 28.Qxh1 fxg6 29.Qh7 Be7 30.Rh2 Bd7
31.Ng5 Bxg5 32.fxg5 Kb8 33.Nf4 Be6 34.Kc1 Bf7 35.e6 Bxe6 36.Re2 Qf7 37.Qh2  1-0

[Event "34th Open"]
[Site "Fourmies FRA"]
[Date "2010.05.23"]
[Round "3"]
[White "Dal Borgo,A"]
[Black "Shoker,S"]
[Result "1/2-1/2"]
[WhiteElo "2192"]
[BlackElo "2466"]

1.d4 g6 2.e4 Bg7 3.Nc3 d6 4.Nf3 a6 5.a4 Nd7 6.Be2 e6 7.Be3 b6 8.O-O Bb7 9.h3 h6
10.Re1 Ne7 11.Qd2 g5 12.Nh2 Nf6 13.Bd3 Ng6 14.Rad1 O-O 15.e5 dxe5 16.Bxg6 fxg6
17.dxe5 Nh5 18.Qd7 Qxd7 19.Rxd7 Rf7 20.Red1 Bc6 21.Rd8+ Rf8 22.Rxa8 Rxa8
23.Ng4 Kf7 24.h4 gxh4 25.Nxh6+ Bxh6 26.Bxh6 g5 27.Bxg5 Rg8 28.Bxh4 Rxg2+
29.Kf1 Rh2 30.Rd4 Bf3 31.Ke1 c5 32.Rd7+ Kg6 33.Bf6 b5 34.axb5 axb5 35.Rc7 b4
36.Na4 Nf4 37.Rg7+ Kf5 38.Nxc5 Rh1+ 39.Kd2 Nd5 40.Rg5+ Kf4 41.Nd3+ Ke4 42.Nc5+ Kd4
43.Nxe6+ Ke4 44.Nc5+ Kd4 45.Ne6+ Ke4  1/2-1/2

[Event "34th Open"]
[Site "Fourmies FRA"]
[Date "2010.05.24"]
[Round "6"]
[White "Degraeve,JM"]
[Black "Shoker,S"]
[Result "1/2-1/2"]
[WhiteElo "2561"]
[BlackElo "2466"]

1.e4 g6 2.d4 Bg7 3.Nc3 d6 4.Bg5 h6 5.Bh4 Nd7 6.Qd2 c5 7.d5 a6 8.a4 Qa5 9.f3 b5
10.Nge2 Nb6 11.Nc1 bxa4 12.Nxa4 Qxd2+ 13.Kxd2 Nxa4 14.Rxa4 Bxb2 15.Bb5+ Kf8
16.c3 Bxc1+ 17.Rxc1 Kg7 18.Kc2 f5  1/2-1/2

[Event "2nd Kahraman Olgac Mem"]
[Site "Instanbul TUR"]
[Date "2010.05.25"]
[Round "4"]
[White "Erdogdu,M"]
[Black "Movsziszian,K"]
[Result "1-0"]
[WhiteElo "2458"]
[BlackElo "2534"]

1.e4 g6 2.d4 Bg7 3.Nc3 d6 4.f4 Nf6 5.Nf3 O-O 6.Be3 b6 7.e5 Ng4 8.Qd2 c5 9.O-O-O cxd4
10.Bxd4 dxe5 11.Nxe5 Nxe5 12.Bxe5 Qxd2+ 13.Rxd2 Bh6 14.Nd5 Nc6 15.Bc3 Be6
16.g3 Rac8 17.Ba6 Bxd5 18.Rxd5 Rc7 19.Rhd1 Bg7 20.Bxg7 Kxg7 21.Rd7 Rxd7 22.Rxd7 Rd8
23.Rc7 Rd6 24.c3 Kf6 25.Bb5 Nd8 26.Rxa7 h5 27.Rd7 Ke6 28.Rxd6+ Kxd6 29.Kd2 e5
30.Ke3 exf4+ 31.gxf4 h4 32.Kf3 Kd5 33.b3 Kc5 34.a4 Nb7 35.Ke4  1-0

[Event "Six Seasons WIM"]
[Site "Narayanganj BAN"]
[Date "2010.05.26"]
[Round "6"]
[White "Mohammed Abdul,M"]
[Black "Rahman,SM"]
[Result "1-0"]
[WhiteElo "2259"]
[BlackElo "2288"]

1.d4 d6 2.e4 g6 3.Nc3 Bg7 4.Be2 Nf6 5.f4 d5 6.e5 Ng8 7.Be3 h5 8.Qd2 Nh6 9.Nf3 Nc6
10.O-O-O Bf5 11.h3 Nb4 12.Ne1 e6 13.a3 Nc6 14.Bf2 Qd7 15.Rg1 Ne7 16.g4 hxg4
17.hxg4 Be4 18.Qe3 O-O-O 19.Nxe4 dxe4 20.Qxe4 Nhg8 21.c4 Qa4 22.Rg3 Rh2 23.Bg1 Rh7
24.Rc3 Bh6 25.Bf3 Nc6 26.Nd3 Bf8 27.b4 Rd7 28.Nc5 Bxc5 29.dxc5 Rh3 30.Rxd7 Kxd7
31.Rd3+ Ke8 32.Bd1  1-0